000 00653nam a2200181Ia 4500
008 100920s9999 xx 000 0 und d
082 _b61743
_a891.43 थ 94
100 _aयादव राजेन्द्र / शर्मा आनंदस्वरूप.
245 _aकाली सुर्खियाँ.
260 _bप्रवीण प्रकाशन, दिल्ली.
_c1994
300 _a216
_bसाधी
365 _b100
520 _aहिंदी.
630 _aकाली सुर्खियाँ.
650 _aहिंदी.
730 _aकाली सुर्खियाँ.
942 _cBOOK
999 _c704889
_d704886